000 00812nam a2200229 a 4500
001 12870
003 BD-JhCC
005 20230521194738.0
008 230521s2019 b a|||| |||| 000 0 be d
020 _a9789849383215
035 _a(BD-JhCC)12870
040 _aBD-JhCC
_dBD-JhCC
041 _aben
082 _a796.95492
_bBAS 2019
100 _aবাশার, আবুল হাসান মুহম্মদ
245 _aহারিয়ে যাওয়া গ্রামীণ খেলাধুলা /
_cআবুল হাসান মুহম্মদ বাশার
260 _aঢাকা :
_bপ্রান্ত প্রকাশন,
_c২০১৯
300 _a১০৮ পৃ. :
_c২০ সেমি.
650 _aVillage sport
650 _aSports.
942 _2ddc
_cBK
999 _c12870
_d12870